000 00456nam a2200193Ia 4500
003 OSt
005 20260220100131.0
008 210210b1904 xxu||||| |||| 00| 0 eng d
040 _cAL
041 _aeng
082 _a829/167
100 _aConan Doyle
_9150312
245 _aReturn of Sherlock Holmes
260 _aLondon
_bJohn Murray
_c1904
690 _aEnglish Fiction
_9150313
700 _aArthur
_9256034
906 _a016773
942 _2ddc
_cBK
999 _c136460
_d136460